Normal view
MARC view
- اللغة العربية-القواعد
Entry Topical Term
001 - CONTROL NUMBER
- control field: 20852
003 - CONTROL NUMBER IDENTIFIER
- control field: JO-AjAnu
005 - DATE AND TIME OF LATEST TRANSACTION
- control field: 20230606073624.0
008 - FIXED-LENGTH DATA ELEMENTS
- fixed length control field: 230606|| aca||aabn | a|a d
040 ## - CATALOGING SOURCE
- Original cataloging agency: JO-AjAnu
- Transcribing agency: JO-AjAnu
150 ## - HEADING--TOPICAL TERM
- Topical term or geographic name entry element: اللغة العربية-القواعد
670 ## - SOURCE DATA FOUND
- Source citation: Work cat.: (JO-AjAnu)10712: تحقيق خفاجى،محمد عبد المنعم؛شرح محمدالسعديفرهود؛ تهذيب عبد العزيز شرف, author 20851, الأزهرية في قواعد اللغة العربية